Fuerte Bulnes
Gorde:
| Egile nagusia: | |
|---|---|
| Formatua: | Liburua |
| Hizkuntza: | gaztelania |
| Argitaratua: |
Santiago
Zig-Zag
2008
|
| Edizioa: | 2a. ed |
| Saila: | Colección Viento Joven
|
| Gaiak: | |
| Etiketak: |
Etiketa erantsi
Etiketarik gabe, Izan zaitez lehena erregistro honi etiketa jartzen!
|
MARC
| LEADER | 00000nam a2200000 a 4500 | ||
|---|---|---|---|
| 001 | UCH9752 | ||
| 003 | CL-VaPUC | ||
| 008 | 100121e20080100CL |||||||||||||||||spa|d | ||
| 020 | |a 9561217015 | ||
| 082 | 0 | 4 | |a Ch864 |b REQ |2 21 |
| 100 | 0 | |a Requena Aizcorbe, María Asunción |e author |9 547013 | |
| 245 | 1 | 0 | |a Fuerte Bulnes |
| 246 | 1 | 0 | |a Chiloé, cielos cubiertos |
| 250 | |a 2a. ed | ||
| 300 | |a 197 p | ||
| 942 | |c BK | ||
| 945 | |d 20100121 00:00:00 |a dcastane | ||
| 260 | |a Santiago |b Zig-Zag |c 2008 | ||
| 650 | 0 | |a Teatro chileno |9 266701 | |
| 650 | 0 | |a Dramaturgia |9 541836 | |
| 583 | |a last modification |c 20100121 00:00:00 |k Rodrigo Vera | ||
| 490 | 0 | |a Colección Viento Joven | |
| 999 | |c 339642 |d 339640 | ||